00468nam a2200133Ia 4500008004100000100001800041245002500059260004700084300000800131650000800139942001200147999001500159952016000174191201s2014 xx 000 0 und d aKULKARNI, P.V 0aFinancial Management aN. DelhibHimalaya Publication Housec2014 a862 aBBA 2ddccBK c6207d6207 00102ddc40708BBAaPIETbPIETd2015-06-02eKIRTI PRAKASHAN, NEW DELHIg590.00kIN2168l0o658.15 KUFp25257r2019-12-04 00:00:00v442.50w2015-02-04yBK